Effectif du LOU Rugby - Saison 2024-2025 - Statistiques

Statistiques générales
  • Ce quiz a été pris 87 fois
  • Le résultat moyen est 21 sur 44
Statistiques - réponses
Postes Joueurs Nationalité Points % Correct
demi de mêlée Baptiste Couilloud France 15
97%
demi d'ouverture Léo Berdeu France 62
95%
arrière Davit Niniashvili Géorgie -
88%
ailier Ethan Dumortier France -
81%
Talonneur Guillaume Marchand France -
76%
ailier Monty Ioane Italie 5
75%
pilier Sébastien Taofifenua France 5
75%
3ème ligne Dylan Cretin France -
73%
2ème ligne Felix Lambey France -
71%
3ème ligne Mickaël Guillard France -
71%
centre Semi Radradra Fidji -
69%
demi de mêlée Martin Page-Relo Italie -
66%
ailier Vincent Rattez France -
64%
3ème ligne Arno Botha Afrique du sud 5
58%
pilier Cedate Gomes Sa France -
58%
demi d'ouverture Paddy Jackson Irlande -
56%
3ème ligne Beka Saghinadze Géorgie 5
53%
2ème ligne Killian Geraci France -
49%
centre Théo Millet France 5
47%
2ème ligne Tomas Lavanini Argentine -
44%
pilier Jerome Rey France -
42%
arrière Alexandre Tchaptchet France -
41%
arrière Martin Méliande France 5
39%
2ème ligne Theo William France -
39%
centre Thibaut Regard France -
39%
centre Josiah Maraku Nouvelle-zélande -
37%
centre Alfred Parisien France -
34%
3ème ligne Liam Allen Nouvelle-zélande -
34%
demi de mêlée Charlie Cassang France -
32%
pilier Hamza Kaabeche France -
32%
Talonneur Yanis Charcosset France -
32%
demi d'ouverture Fletcher Smith Nouvelle-zélande -
31%
Talonneur Sam Sireli Matavesi Fidji -
31%
pilier Jermaine Ainsley Australie -
29%
3ème ligne Beka Shvangiradze Géorgie -
27%
ailier Xavier Mignot France -
25%
2ème ligne Alban Roussel France -
24%
3ème ligne maxime Gouzou France -
24%
pilier Irakli Aptsiauri Géorgie -
22%
3ème ligne Steeve Blanc-Mappaz France -
20%
pilier Valentin Simutoga France -
20%
3ème ligne Marvin Okuya France -
15%
3ème ligne Pierre-Samuel Pacheco France -
12%
pilier Feao Fotuaika Australie -
10%
Aucun quiz correspondant
Distribution des résultats
% des personnes avec chaque résultat
Percentile par nombre de réponses
Votre historique - résultats
Vous n’avez pas pris ce quiz